[Event "Wch Silent U20"]
[Site "St Gallen"]
[Date "2008.07.29"]
[Round "9"]
[White "Blazhina, Veronika"]
[Black "Martin, Lewis"]
[Result "0-1"]
[WhiteElo "1951"]
[BlackElo "1992"]
[PlyCount "70"]
[EventDate "2008.07.20"]
[EventType "tourn"]
[EventRounds "11"]
[EventCountry "SUI"]
[SourceTitle "EXT 2009"]
[Source "ChessBase"]
[SourceDate "2008.11.26"]
[SourceVersion "1"]
[SourceVersionDate "2008.11.26"]
[SourceQuality "1"]

1. e4 e5 2. Nf3 Nc6 3. d4 exd4 4. Bc4 Nf6 5. 0-0 Be7 6. e5 Ne4 7. Re1 d5 8. exd6 Nxd6 9. Bb3 Bg4 10. Qd3 Bxf3 11. Qxf3 0-0 12. Qg4 Bf6 13. Bf4 a5 14. a4 Nb4 15. Nd2 c5 16. Rac1 Qb6 17. Bh6 Rfe8 18. Bf4 Qc6 19. Bxd6 Qxd6 20. Ne4 Qc6 21. Nxf6+ Qxf6 22. Qd7 Red8 23. Qxb7 d3 24. Re7 d2 25. Rd1 Re8 26. Re2 Rab8 27. Qc7 Na6 28. Qxb8 Rxb8 29. Rexd2 Nc7 30. Rd6 Ne6 31. Re1 Rd8 32. Rxd8+ Qxd8 33. h3 g6 34. c3 Qd2 35. Rd1 Qxb2 0-1

[Event "Wch Silent U20"]
[Site "St Gallen"]
[Date "2008.07.25"]
[Round "6"]
[White "Blazhina, Veronika"]
[Black "Mucha, Annegret"]
[Result "0-1"]
[WhiteElo "1951"]
[BlackElo "1951"]
[PlyCount "54"]
[EventDate "2008.07.20"]
[EventType "tourn"]
[EventRounds "11"]
[EventCountry "SUI"]
[SourceTitle "EXT 2009"]
[Source "ChessBase"]
[SourceDate "2008.11.26"]
[SourceVersion "1"]
[SourceVersionDate "2008.11.26"]
[SourceQuality "1"]

1. d4 Nf6 2. Bg5 e6 3. e4 d6 4. Nf3 Be7 5. Bd3 Nbd7 6. Nbd2 e5 7. c3 Ng4 8. Bxe7 Qxe7 9. 0-0 0-0 10. Qc2 Nb6 11. h3 Nf6 12. Nh2 Nh5 13. Be2 Nf4 14. Ndf3 f5 15. Bd1 exd4 16. cxd4 fxe4 17. Re1 Bf5 18. Qd2 Bg6 19. Bc2 d5 20. Ng4 Nxh3+ 21. Kf1 Nc4 22. Qc3 Ng5 23. Nge5 Nxf3 24. Nxf3 Qf7 25. b3 exf3 26. bxc4 fxg2+ 27. Kxg2 Qxf2+ 0-1